000 00581nam a2200217Ia 4500
005 20240430151426.0
008 131103s9999 xx 000 0 und d
020 _a8182051711
_cRs.750.00
040 _aLoreto College
041 _aEnglish
082 _a371.42
_bPAN
245 _aEducational Guidance and Counselling
_cEdited by V.C. Pandey
260 _aDelhi
_bIsha Books
_c2005
300 _a301p.
504 _aIncludes index
650 _aEducational guidance
651 _aEducational counselling
700 _aPandey, V.C., ed.
850 _aLCBED
942 _cBK
999 _c36484
_d86963